[Event "XXXVI C.to Italiano a squadre A2"]
[Site "ITA"]
[Date "2004.03.21"]
[Round "3"]
[White "Albano, Marco"]
[Black "Pastorini, Mario"]
[Result "1/2-1/2"]
[WhiteElo "2230"]
[BlackElo "2170"]
[PlyCount "89"]
[EventDate "2004.02.22"]

1. d4 Nf6 2. c4 c5 3. d5 e6 4. Nc3 exd5 5. cxd5 d6 6. g3 g6 7. Bg2 Bg7 8. Nf3
O-O 9. O-O Re8 10. Nd2 Nbd7 11. h3 a6 12. a4 b6 13. f4 Rb8 14. e4 b5 15. axb5
axb5 16. g4 c4 17. Ne2 Nc5 18. Ng3 Nd3 19. g5 Nd7 20. h4 N7c5 21. f5 Bd4+ 22.
Kh2 Nxc1 23. Rxc1 Nd3 24. Nxc4 bxc4 25. Rxc4 Nxb2 26. Qxd4 Nxc4 27. Qxc4 Qb6
28. fxg6 fxg6 29. Rf6 Bd7 30. h5 Rf8 31. e5 Rxf6 32. gxf6 dxe5 33. d6+ Kf8 34.
hxg6 hxg6 35. Qh4 Qxd6 36. Qh8+ Kf7 37. Bd5+ Be6 38. Qg7+ Ke8 39. f7+ Bxf7 40.
Bxf7+ Kd8 41. Bxg6 Rb4 42. Kh3 Rf4 43. Bf5 Rf3 44. Kg4 e4 45. Qg5+ 1/2-1/2

[Event "XXXVI C.to Italiano a squadre A2"]
[Site "ITA"]
[Date "2004.03.21"]
[Round "3"]
[White "Bemporad, Filippo"]
[Black "Andreazza, Attilio"]
[Result "1/2-1/2"]
[WhiteElo "2072"]
[BlackElo "2092"]
[PlyCount "88"]
[EventDate "2004.02.22"]

1. d4 d5 2. Nf3 Nf6 3. g3 g6 4. Bg2 Bg7 5. O-O O-O 6. b3 c6 7. Bb2 Nbd7 8. c4
Ne4 9. cxd5 cxd5 10. Nc3 Nxc3 11. Bxc3 b6 12. b4 a6 13. Qb3 e6 14. Rfc1 Bb7 15.
Bd2 Rc8 16. Bf4 Qe7 17. a3 Rfe8 18. Qe3 Qf8 19. Ne5 Nxe5 20. Bxe5 Bh6 21. Bf4
Bxf4 22. Qxf4 Qe7 23. h4 f6 24. Qd2 Rxc1+ 25. Rxc1 Rc8 26. Rxc8+ Bxc8 27. Qf4
Kg7 28. Qc1 Bb7 29. a4 Qd6 30. Qc3 Qc6 31. Qe3 Bc8 32. Qa3 Kf7 33. Bf1 Bd7 34.
e3 Qxa4 35. Qxa4 Bxa4 36. Bxa6 Bd1 37. Kf1 h6 38. Ke1 Bf3 39. Be2 Bxe2 40. Kxe2
h5 41. f3 Ke7 42. e4 Kd6 43. Kd3 Kc6 44. Kc3 b5 1/2-1/2

[Event "XXXVI C.to Italiano a squadre A2"]
[Site "ITA"]
[Date "2004.03.21"]
[Round "3"]
[White "Capuano, Eugenio"]
[Black "Benetti, Francesco"]
[Result "1/2-1/2"]
[WhiteElo "2173"]
[BlackElo "2168"]
[PlyCount "33"]
[EventDate "2004.02.22"]

1. d4 d5 2. c4 e6 3. Nf3 c6 4. Bg5 Nf6 5. Nbd2 h6 6. Bxf6 Qxf6 7. e3 Nd7 8. Bd3
Bb4 9. O-O O-O 10. a3 Bxd2 11. Qxd2 dxc4 12. Bxc4 e5 13. dxe5 Nxe5 14. Nxe5
Qxe5 15. f4 Qf6 16. e4 Rd8 17. Qc2 1/2-1/2

[Event "XXXVI C.to Italiano a squadre A2"]
[Site "ITA"]
[Date "2004.03.21"]
[Round "3"]
[White "Conti, Valerio"]
[Black "Manca, Federico"]
[Result "1/2-1/2"]
[WhiteElo "2167"]
[BlackElo "2363"]
[PlyCount "46"]
[EventDate "2004.02.22"]

1. e4 c5 2. Nf3 Nc6 3. d4 cxd4 4. Nxd4 g6 5. c4 Nf6 6. Nc3 d6 7. Be2 Nxd4 8.
Qxd4 Bg7 9. Bg5 O-O 10. Qd2 Be6 11. f3 Qb6 12. Be3 Qa5 13. Nd5 Qxd2+ 14. Kxd2
Nxd5 15. cxd5 Bd7 16. Rac1 Rfc8 17. b3 a6 18. Rxc8+ Rxc8 19. Rc1 Rxc1 20. Kxc1
f5 21. exf5 Bxf5 22. Kd2 Kf7 23. Bd3 Bxd3 1/2-1/2

[Event "XXXVI C.to Italiano a squadre A2"]
[Site "ITA"]
[Date "2004.03.21"]
[Round "3"]
[White "Facchetti, Gianni"]
[Black "Rettore, Ludwig"]
[Result "0-1"]
[WhiteElo "2199"]
[BlackElo "2167"]
[PlyCount "76"]
[EventDate "2004.02.22"]

1. e4 e5 2. Nf3 Nc6 3. d4 exd4 4. Bc4 Nf6 5. Ng5 Ne5 6. Qxd4 Nxc4 7. Qxc4 d5 8.
exd5 Qxd5 9. Qe2+ Be7 10. O-O Bg4 11. f3 Bf5 12. Nc3 Qc6 13. Re1 O-O 14. Nge4
Rfe8 15. Bf4 Nxe4 16. fxe4 Bb4 17. Qf3 Bxc3 18. Qxc3 Qxc3 19. bxc3 Bxe4 20.
Rad1 Bxc2 21. Rxe8+ Rxe8 22. Rd7 Ba4 23. Rxc7 Bc6 24. Kf2 h6 25. h4 Re4 26. g3
Ra4 27. Rc8+ Kh7 28. Rc7 Rxa2+ 29. Ke3 Kg6 30. Be5 h5 31. Rc8 a5 32. Rg8 f6 33.
Bd6 a4 34. Ra8 Kf5 35. Rh8 Kg6 36. Ra8 Rg2 37. Kd4 Rd2+ 38. Kc5 Rd5+ 0-1

[Event "XXXVI C.to Italiano a squadre A2"]
[Site "ITA"]
[Date "2004.03.21"]
[Round "3"]
[White "Frontali, Jacopo"]
[Black "Manzoni, Alessandro"]
[Result "0-1"]
[WhiteElo "1777"]
[BlackElo "2045"]
[PlyCount "92"]
[EventDate "2004.02.22"]

1. c4 c6 2. e4 d6 3. Nc3 g6 4. g3 Bg7 5. Bg2 Qa5 6. a3 Be6 7. b4 Qb6 8. Qb3 Qd4
9. Bf1 b5 10. Nf3 bxc4 11. Nxd4 cxb3 12. Nxe6 fxe6 13. Rb1 Nd7 14. Rxb3 Nh6 15.
Bb2 Ne5 16. Be2 O-O 17. Na4 Rab8 18. f4 Nd7 19. Bxg7 Kxg7 20. O-O d5 21. Rc1 e5
22. exd5 cxd5 23. Rc7 Rfd8 24. fxe5 Nxe5 25. Rxe7+ Kf6 26. Rxa7 Nf5 27. Ra6+
Kg5 28. Nc5 Rdc8 29. Re6 Nf7 30. Rd3 Rd8 31. g4 Ng7 32. Re7 Kf6 33. Rc7 Ne5 34.
Re3 Ne8 35. Rxh7 Ra8 36. g5+ Kf5 37. Re7 Nc6 38. h4 Nxe7 39. Bd3+ Kg4 40. Be2+
Kxh4 41. Rxe7 Rxa3 42. Ne6 Rc8 43. Rf7 Kg3 44. Nc5 Ra1+ 45. Bf1 Nd6 46. Rd7 Rf8
0-1

[Event "XXXVI C.to Italiano a squadre A2"]
[Site "ITA"]
[Date "2004.03.21"]
[Round "3"]
[White "Gaido, Paolo"]
[Black "Gromovs, Sergejs"]
[Result "0-1"]
[WhiteElo "2122"]
[BlackElo "2297"]
[PlyCount "114"]
[EventDate "2004.02.22"]

1. Nf3 Nf6 2. c4 g6 3. g3 Bg7 4. Bg2 O-O 5. O-O d6 6. d4 Nc6 7. Nc3 Rb8 8. d5
Na5 9. Nd2 c5 10. Qc2 a6 11. b3 b5 12. Bb2 bxc4 13. bxc4 Bf5 14. e4 Bd7 15.
Rab1 Ng4 16. h3 Ne5 17. Nd1 Rb4 18. a3 Ba4 19. Qc3 Rxb2 20. Nxb2 Nexc4 21. Qc1
Nxb2 22. Rxb2 Bxb2 23. Qxb2 Bb5 24. Rb1 Bd3 25. Rc1 c4 26. Bf1 Bxf1 27. Kxf1
Qc7 28. h4 e5 29. Qc3 Qc5 30. Rc2 Rc8 31. h5 Nb3 32. Rb2 Nxd2+ 33. Rxd2 Qb6 34.
Kg2 Qb3 35. Rc2 Qxc3 36. Rxc3 gxh5 37. Kf3 Kg7 38. Ke3 Kg6 39. Kd2 Kg5 40. Rf3
c3+ 41. Kc2 f6 42. Rf5+ Kg6 43. Rf3 Rc4 44. Re3 Kg5 45. Re1 Kg4 46. Rb1 Rxe4
47. Rb6 Re2+ 48. Kxc3 Rxf2 49. Rxd6 Rf3+ 50. Kc4 Kxg3 51. Rxa6 h4 52. d6 h3 53.
d7 h2 54. d8=Q h1=Q 55. Rd6 Qc1+ 56. Kd5 Rd3+ 57. Ke6 Qc4+ 0-1

[Event "XXXVI C.to Italiano a squadre A2"]
[Site "ITA"]
[Date "2004.03.21"]
[Round "3"]
[White "Gasperoni, Stefano"]
[Black "Pagnoncelli, Marco"]
[Result "1/2-1/2"]
[WhiteElo "1921"]
[BlackElo "2129"]
[PlyCount "118"]
[EventDate "2004.02.22"]

1. e4 c5 2. Nf3 d6 3. d4 cxd4 4. Nxd4 Nf6 5. Nc3 g6 6. Be2 Bg7 7. O-O Nc6 8.
Nb3 O-O 9. Re1 a6 10. Bg5 b5 11. Bf1 Bb7 12. Nd5 Nd7 13. c3 Re8 14. f4 Nb6 15.
Qf3 b4 16. Rad1 Rc8 17. Kh1 bxc3 18. Nxc3 Nb4 19. a3 Bxc3 20. bxc3 Nc2 21. Re2
Nxa3 22. Na5 Ba8 23. Ra2 Nbc4 24. Nxc4 Nxc4 25. Rxa6 Qc7 26. Ra2 Qc5 27. Bd3
Kg7 28. Bh4 f6 29. Bf2 Qc6 30. Bd4 Rb8 31. Qe2 Rec8 32. Rda1 Bb7 33. Ra7 Nb6
34. Rb1 Nd7 35. Rb4 Nc5 36. Bc2 Rc7 37. Qc4 Rbc8 38. Rb5 Ba8 39. Rxc7 Rxc7 40.
Rb8 Rc8 41. Rxc8 Qxc8 42. e5 Qc6 43. exf6+ exf6 44. Qe2 Ne6 45. Bd1 Qe4 46.
Qxe4 Bxe4 47. Be3 Nc7 48. Kg1 Nd5 49. Bd2 Kf8 50. Kf2 Ke7 51. g3 f5 52. Ke2 Kd7
53. Be1 Kc6 54. Kd2 Kc5 55. Bb3 Kc6 56. Bf2 Kd7 57. Bd4 h5 58. Ba7 Ke7 59. Bxd5
Bxd5 1/2-1/2

[Event "XXXVI C.to Italiano a squadre A2"]
[Site "ITA"]
[Date "2004.03.21"]
[Round "3"]
[White "Giuliani, Sante"]
[Black "Trezza, Bruno"]
[Result "1/2-1/2"]
[WhiteElo "1800"]
[BlackElo "2239"]
[PlyCount "56"]
[EventDate "2004.02.22"]

1. Nf3 Nf6 2. g3 g6 3. Bg2 Bg7 4. d3 d5 5. O-O O-O 6. Nbd2 c5 7. Re1 Nc6 8. e4
dxe4 9. dxe4 Bg4 10. c3 Qd7 11. Qc2 Rfd8 12. Nc4 Bxf3 13. Bxf3 Qd3 14. Qxd3
Rxd3 15. Be3 b5 16. Na3 b4 17. cxb4 cxb4 18. Nc2 e5 19. Be2 Rdd8 20. f3 Bf8 21.
Red1 Kg7 22. Kf2 Rac8 23. Rac1 a5 24. Ba6 Rxd1 25. Rxd1 Rc7 26. Bb6 Rd7 27.
Rxd7 Nxd7 28. Be3 Nc5 1/2-1/2

[Event "XXXVI C.to Italiano a squadre A2"]
[Site "ITA"]
[Date "2004.03.21"]
[Round "3"]
[White "Lasio, Millo"]
[Black "Capurro, Giuliano"]
[Result "0-1"]
[WhiteElo "1875"]
[BlackElo "2067"]
[PlyCount "122"]
[EventDate "2004.02.22"]

1. d4 d5 2. e3 Nf6 3. f4 Bf5 4. Nf3 e6 5. c4 Bb4+ 6. Bd2 Bxd2+ 7. Nbxd2 Nc6 8.
a3 O-O 9. b4 a6 10. Qb3 Be4 11. Ng5 dxc4 12. Qxc4 Bd5 13. Qc3 h6 14. Ngf3 Ne7
15. Rc1 c6 16. Qd3 Bxf3 17. Nxf3 a5 18. b5 cxb5 19. e4 b4 20. axb4 axb4 21. Qb1
Qa5 22. Bd3 b3+ 23. Kf2 Ng4+ 24. Kg3 Qh5 25. h3 Nf6 26. Qxb3 Qg6+ 27. Kh2 Nxe4
28. Bxe4 Qxe4 29. Rhf1 Qxf4+ 30. Kg1 Nf5 31. Rc3 Nxd4 32. Nxd4 Qxd4+ 33. Kh1 b5
34. Rc7 Ra1 35. Rfc1 Rxc1+ 36. Rxc1 Qe5 37. Qf3 Rd8 38. Rf1 Qc7 39. Qh5 b4 40.
Rb1 Qc4 41. Qf3 Rd5 42. Ra1 Rf5 43. Qd1 b3 44. Rb1 Kh7 45. Kh2 Rb5 46. Rb2 Qc3
47. Qb1+ g6 48. Rf2 Kg7 49. Rb2 Qe5+ 50. Kg1 Qg3 51. Rf2 Qe3 52. Qb2+ Kg8 53.
Kh2 e5 54. Rf3 Qd4 55. Qa3 Qd5 56. Qb2 e4 57. Rf2 e3 58. Re2 Qe5+ 59. Kg1 Qe4
60. Qc3 b2 61. Rxb2 Rxb2 0-1

[Event "XXXVI C.to Italiano a squadre A2"]
[Site "ITA"]
[Date "2004.03.21"]
[Round "3"]
[White "Massetti, Gianfranco"]
[Black "Gorelli Fagiolini, Marco"]
[Result "0-1"]
[WhiteElo "1911"]
[BlackElo "2222"]
[PlyCount "74"]
[EventDate "2004.02.22"]

1. e4 d6 2. d4 Nf6 3. Nc3 g6 4. Bg5 Nbd7 5. Nf3 h6 6. Bf4 Bg7 7. h3 c5 8. dxc5
Nxc5 9. Bd3 Qb6 10. Rb1 O-O 11. O-O Bd7 12. Be3 Qc7 13. Re1 Bc6 14. Bf4 e5 15.
Bh2 a6 16. Nd2 b5 17. a3 Rfe8 18. Bf1 Rad8 19. b4 Ne6 20. Nb3 Rc8 21. Nd5 Bxd5
22. exd5 Nf8 23. Rc1 Qc3 24. Re3 Qb2 25. Qd2 h5 26. c4 Qxd2 27. Nxd2 Bh6 28. f4
Nxd5 29. Rd3 Nxf4 30. Rxd6 Red8 31. Bxf4 Bxf4 32. Rxd8 Rxd8 33. Nb3 Be3+ 34.
Kh2 Bxc1 35. cxb5 Bxa3 36. b6 Bxb4 37. Bxa6 h4 0-1

[Event "XXXVI C.to Italiano a squadre A2"]
[Site "ITA"]
[Date "2004.03.21"]
[Round "3"]
[White "Patelli, Alessandro"]
[Black "Palamides, Carmine"]
[Result "1-0"]
[WhiteElo "2204"]
[BlackElo "1842"]
[PlyCount "49"]
[EventDate "2004.02.22"]

1. Nf3 d5 2. d4 Nf6 3. c4 e6 4. g3 Nbd7 5. Bg2 Bd6 6. O-O O-O 7. b3 b6 8. Bb2
Bb7 9. Nc3 Re8 10. Qc2 Rc8 11. cxd5 exd5 12. Nb5 Ba6 13. a4 Bf8 14. Ne5 c5 15.
Nxa7 cxd4 16. Nec6 Qc7 17. Nxc8 Rxc8 18. Rfc1 Qb7 19. Bh3 Rc7 20. Ne7+ Bxe7 21.
Qxc7 Nc5 22. Qxb7 Bxb7 23. b4 Ne6 24. Bxe6 fxe6 25. Rc7 1-0

[Event "XXXVI C.to Italiano a squadre A2"]
[Site "ITA"]
[Date "2004.03.21"]
[Round "3"]
[White "Sericano, Claudio"]
[Black "Piccardo, Marco"]
[Result "1-0"]
[WhiteElo "2260"]
[BlackElo "2206"]
[PlyCount "55"]
[EventDate "2004.02.22"]

1. d4 Nf6 2. Nf3 g6 3. e3 Bg7 4. Bd3 d6 5. O-O O-O 6. e4 Nc6 7. h3 Nb4 8. Nc3
Nxd3 9. Qxd3 c5 10. dxc5 dxc5 11. Qc4 b6 12. e5 Ne8 13. Rd1 Qc7 14. Nd5 Qb7 15.
Qh4 f6 16. Bh6 Be6 17. Bxg7 Kxg7 18. Nf4 Bf5 19. exf6+ exf6 20. Rd2 Rf7 21.
Rad1 Nc7 22. Qg3 g5 23. Nxg5 fxg5 24. Qxg5+ Bg6 25. Qe5+ Kg8 26. Rd8+ Rf8 27.
R1d7 Bf7 28. Nh5 1-0

[Event "XXXVI C.to Italiano a squadre A2"]
[Site "ITA"]
[Date "2004.03.21"]
[Round "3"]
[White "Sibilio, Mario"]
[Black "Ronchetti, Niccolo'"]
[Result "0-1"]
[WhiteElo "2361"]
[BlackElo "2219"]
[PlyCount "82"]
[EventDate "2004.02.22"]

1. d4 Nf6 2. c4 c6 3. Nc3 d5 4. Nf3 dxc4 5. e4 b5 6. e5 Nd5 7. a4 e6 8. axb5
Nxc3 9. bxc3 cxb5 10. Ng5 Bb7 11. Qh5 g6 12. Qg4 Be7 13. Be2 Bd5 14. Bf3 h5 15.
Qg3 Nc6 16. Ne4 a5 17. O-O b4 18. Re1 Kd7 19. Bg5 Bxe4 20. Bxe7 Nxe7 21. Bxe4
Rc8 22. cxb4 axb4 23. Ra6 Ke8 24. d5 exd5 25. Rd6 Qa5 26. Bxd5 Nxd5 27. e6 Ne7
28. exf7+ Kxf7 29. Rd7 Rhe8 30. Qd6 Qg5 31. h4 Qf6 32. Qxb4 c3 33. Rd6 Qf5 34.
Qb3+ Kg7 35. Rde6 c2 36. Qb2+ Kf7 37. R6e5 Qf4 38. Qb3+ Kf8 39. g3 Qxe5 40.
Rxe5 c1=Q+ 41. Kg2 Qc3 0-1

[Event "XXXVI C.to Italiano a squadre A2"]
[Site "ITA"]
[Date "2004.03.21"]
[Round "3"]
[White "Tizzoni, Lionello"]
[Black "Tamburini, Lorenzo"]
[Result "1-0"]
[WhiteElo "2047"]
[BlackElo "2089"]
[PlyCount "59"]
[EventDate "2004.02.22"]

1. Nf3 Nf6 2. c4 e6 3. g3 d5 4. d4 dxc4 5. Bg2 a6 6. O-O Nc6 7. Nc3 Rb8 8. e4
Be7 9. h3 O-O 10. Be3 b5 11. a3 Na5 12. d5 Nb3 13. Rb1 Bc5 14. Bxc5 Nxc5 15.
Nd4 Rb6 16. Qe2 exd5 17. exd5 Re8 18. Qc2 Nd3 19. b3 Bb7 20. bxc4 bxc4 21. Qa4
Rxb1 22. Rxb1 Re1+ 23. Rxe1 Nxe1 24. Bh1 Qe7 25. Qxc4 Bc8 26. Kh2 Qd7 27. Qf1
Qe7 28. Ne4 Qe5 29. Qxe1 Qxd4 30. Nxf6+ 1-0

[Event "XXXVI C.to Italiano a squadre A2"]
[Site "ITA"]
[Date "2004.04.04"]
[Round "4"]
[White "Baccaro, Franco"]
[Black "Patelli, Alessandro"]
[Result "0-1"]
[WhiteElo "2161"]
[BlackElo "2211"]
[PlyCount "68"]
[EventDate "2004.02.22"]

1. d4 Nf6 2. Nf3 e6 3. e3 c5 4. Bd3 b6 5. O-O Bb7 6. c4 Be7 7. Nc3 d5 8. cxd5
exd5 9. dxc5 bxc5 10. b3 O-O 11. Bb2 Nbd7 12. Be2 Rc8 13. Qd3 Bd6 14. Rfd1 Qe7
15. Qf5 Bb8 16. Rd2 Rcd8 17. Qg5 h6 18. Qh4 Ne5 19. Nxe5 Bxe5 20. Na4 Bxb2 21.
Nxb2 Qe5 22. Bf3 Rfe8 23. Rad1 g5 24. Qxh6 g4 25. Be2 Ne4 26. Rc2 Nxf2 27. Kxf2
Rd6 28. Nd3 Qe7 29. Qh5 Qxe3+ 30. Kf1 Rf6+ 31. Bf3 gxf3 32. gxf3 Rxf3+ 33. Rf2
Qe2+ 34. Kg2 Qxf2+ 0-1

[Event "XXXVI C.to Italiano a squadre A2"]
[Site "ITA"]
[Date "2004.04.04"]
[Round "4"]
[White "Bighiu, Gheorghe"]
[Black "Bettalli, Marco"]
[Result "1/2-1/2"]
[WhiteElo "2079"]
[BlackElo "2074"]
[PlyCount "40"]
[EventDate "2004.02.22"]

1. e4 e6 2. d4 d5 3. exd5 exd5 4. Nf3 Bd6 5. Bd3 Ne7 6. O-O Bg4 7. Re1 Nbc6 8.
c3 Qd7 9. Nbd2 Bf5 10. Nf1 O-O 11. Ng3 Bxg3 12. fxg3 Bxd3 13. Qxd3 Nf5 14. Bf4
Nd6 15. Bxd6 Qxd6 16. Re2 Rae8 17. Rae1 Rxe2 18. Qxe2 f6 19. g4 Rf7 20. Qe8+
Rf8 1/2-1/2

[Event "XXXVI C.to Italiano a squadre A2"]
[Site "ITA"]
[Date "2004.04.04"]
[Round "4"]
[White "Capurro, Giuliano"]
[Black "Giuliani, Sante"]
[Result "0-1"]
[WhiteElo "2067"]
[BlackElo "2040"]
[PlyCount "44"]
[EventDate "2004.02.22"]

1. e4 d5 2. exd5 Qxd5 3. Nc3 Qd6 4. d4 Nf6 5. Nf3 a6 6. Bc4 Nc6 7. O-O Bg4 8.
Be3 e6 9. Qe2 Be7 10. Rad1 Nb4 11. d5 Nbxd5 12. Nxd5 exd5 13. Bxd5 Nxd5 14. c4
Nf4 15. Qc2 Qg6 16. Qxg6 Nxg6 17. Rfe1 O-O 18. Bd4 Rfe8 19. Re3 Rad8 20. Red3
Bxf3 21. gxf3 Nf4 22. R3d2 Bb4 0-1

[Event "XXXVI C.to Italiano a squadre A2"]
[Site "ITA"]
[Date "2004.04.04"]
[Round "4"]
[White "Gorelli Fagiolini, Marco"]
[Black "Bartolini, Tommaso"]
[Result "1/2-1/2"]
[WhiteElo "2222"]
[BlackElo "2179"]
[PlyCount "70"]
[EventDate "2004.02.22"]

1. e4 c5 2. Nf3 d6 3. d4 cxd4 4. Nxd4 Nf6 5. Nc3 a6 6. Be2 e5 7. Nb3 Be7 8. O-O
Be6 9. f4 Qc7 10. Kh1 Nbd7 11. a4 O-O 12. a5 Bc4 13. Be3 Rfc8 14. g4 Bxe2 15.
Qxe2 Qc4 16. Qf3 exf4 17. Bxf4 Qe6 18. g5 Ne8 19. Nd5 Bf8 20. Nd4 Qg6 21. Nf5
Qe6 22. h4 Rc4 23. Rae1 Nc7 24. b3 Rc5 25. Nd4 Qe8 26. b4 Rc4 27. Qd3 Nxd5 28.
Qxc4 Nxf4 29. Rxf4 Ne5 30. Qe2 Rc8 31. Nf3 Ng6 32. Rf5 Ne7 33. Rf4 Ng6 34. Rf5
Ne7 35. Rf4 Ng6 1/2-1/2

[Event "XXXVI C.to Italiano a squadre A2"]
[Site "ITA"]
[Date "2004.04.04"]
[Round "4"]
[White "Palamides, Carmine"]
[Black "Albano, Marco"]
[Result "0-1"]
[WhiteElo "1942"]
[BlackElo "2230"]
[PlyCount "84"]
[EventDate "2004.02.22"]

1. e4 c5 2. Nf3 Nc6 3. Nc3 g6 4. Bb5 Bg7 5. O-O d6 6. Re1 e5 7. d3 Nge7 8. Nd5
h6 9. h3 O-O 10. a4 Nxd5 11. exd5 Ne7 12. Bc4 Kh7 13. c3 f5 14. Bd2 g5 15. Nh2
Ng6 16. Qh5 Nf4 17. Bxf4 gxf4 18. Bb3 Bd7 19. Bc2 Be8 20. Qe2 Qf6 21. f3 Bf7
22. c4 Rg8 23. Rab1 a5 24. b3 Qg6 25. Kh1 Bf6 26. Rg1 Qh5 27. Qf1 Rg3 28. d4
exd4 29. Ng4 Bg7 30. Re1 Kh8 31. Qd3 Bg6 32. Nh2 Be5 33. Re2 Rg8 34. Rge1 Bh7
35. Ng4 Qg6 36. Nxe5 dxe5 37. Qd2 Qg5 38. Rf1 e4 39. fxe4 fxe4 40. Rxf4 e3 41.
Rxe3 Qxf4 42. Bxh7 Qf1+ 0-1

[Event "XXXVI C.to Italiano a squadre A2"]
[Site "ITA"]
[Date "2004.04.04"]
[Round "4"]
[White "Piccardo, Marco"]
[Black "Massetti, Gianfranco"]
[Result "1-0"]
[WhiteElo "2209"]
[BlackElo "2011"]
[PlyCount "45"]
[EventDate "2004.02.22"]

1. d4 d5 2. Nf3 c6 3. Bf4 Nf6 4. e3 Qb6 5. Qc1 Bf5 6. Be2 e6 7. Nbd2 Nbd7 8. h3
h6 9. O-O Be7 10. c4 c5 11. a3 O-O 12. b4 cxb4 13. c5 Qc6 14. axb4 a6 15. Qb2
Ne4 16. b5 axb5 17. Bxb5 Qc8 18. Rxa8 Qxa8 19. Bxd7 Nxd2 20. Nxd2 Bd3 21. Ra1
Ba6 22. Bb5 Rc8 23. c6 1-0

[Event "XXXVI C.to Italiano a squadre A2"]
[Site "ITA"]
[Date "2004.04.04"]
[Round "4"]
[White "Trezza, Bruno"]
[Black "Giorgetti, Alberto"]
[Result "0-1"]
[WhiteElo "2239"]
[BlackElo "2133"]
[PlyCount "58"]
[EventDate "2004.02.22"]

1. Nf3 d5 2. d4 Nf6 3. c4 dxc4 4. e3 e6 5. Bxc4 c5 6. Nc3 a6 7. a4 Nc6 8. O-O
Be7 9. Qe2 cxd4 10. Rd1 O-O 11. Nxd4 Qc7 12. e4 Ne5 13. Ba2 Neg4 14. Nf3 Bc5
15. Rf1 Bd7 16. e5 Bc6 17. Bg5 Bxf3 18. Qxf3 Qxe5 19. Bf4 Qd4 20. Rad1 Qb4 21.
h3 Nxf2 22. Rxf2 Qxb2 23. Rdd2 Bxf2+ 24. Rxf2 Qb6 25. Bg5 Nd7 26. Be7 Ne5 27.
Qe4 Rfe8 28. Nd5 exd5 29. Qxe5 Rac8 0-1

[Event "XXXVI C.to Italiano a squadre A2"]
[Site "ITA"]
[Date "2004.04.18"]
[Round "5"]
[White "Franchini, Gabriele"]
[Black "Manca, Federico"]
[Result "1-0"]
[WhiteElo "2166"]
[BlackElo "2356"]
[PlyCount "103"]
[EventDate "2004.02.22"]

1. d4 d5 2. c4 e6 3. Nf3 c5 4. cxd5 exd5 5. g3 Nf6 6. Bg2 Be7 7. O-O O-O 8. Nc3
Nc6 9. Bg5 cxd4 10. Nxd4 h6 11. Be3 Re8 12. Qa4 Bd7 13. Rad1 Nb4 14. Qb3 a5 15.
a4 Rc8 16. Ndb5 Be6 17. Bd4 Bc5 18. Rd2 Bxd4 19. Nxd4 Qb6 20. Rfd1 Bg4 21. Nxd5
Nbxd5 22. Bxd5 Nxd5 23. Qxd5 Qb4 24. Qb5 Qxb5 25. axb5 Red8 26. f3 Be6 27. Nxe6
Rxd2 28. Rxd2 fxe6 29. Rd7 Rc2 30. Kf2 Rxb2 31. Rxb7 a4 32. h4 h5 33. Ke3 a3
34. b6 a2 35. Ra7 Rxb6 36. Rxa2 Kf7 37. Ra5 g6 38. Kf4 Kf6 39. g4 hxg4 40. fxg4
Rb1 41. g5+ Ke7 42. Ra7+ Kd6 43. Rg7 Rb4+ 44. e4 Rb1 45. Rxg6 Rf1+ 46. Kg4 Ke5
47. Rf6 Re1 48. Rf2 Kxe4 49. g6 Rg1+ 50. Kh5 e5 51. Kh6 Ke3 52. Rf8 1-0

[Event "XXXVI C.to Italiano a squadre A2"]
[Site "ITA"]
[Date "2004.04.18"]
[Round "5"]
[White "Gromovs, Sergejs"]
[Black "Barillaro, Luca"]
[Result "1/2-1/2"]
[WhiteElo "2291"]
[BlackElo "2208"]
[PlyCount "60"]
[EventDate "2004.02.22"]

1. d4 d5 2. Nf3 Nf6 3. c4 c6 4. Nc3 e6 5. Bg5 Nbd7 6. e3 Qa5 7. Nd2 dxc4 8.
Bxf6 Nxf6 9. Nxc4 Qc7 10. Bd3 Be7 11. Qc2 Bd7 12. Ne5 O-O 13. g4 g6 14. h4 Bd6
15. f4 Bxe5 16. fxe5 Nxg4 17. h5 f5 18. hxg6 hxg6 19. O-O-O Kg7 20. Rh4 Rh8 21.
Rxg4 fxg4 22. Ne4 Raf8 23. Nf6 Rxf6 24. exf6+ Kxf6 25. Rf1+ Ke7 26. Qc5+ Kd8
27. Rf7 g3 28. Be4 b6 29. Qg5+ Kc8 30. Qxg6 c5 1/2-1/2

[Event "XXXVI C.to Italiano a squadre A2"]
[Site "ITA"]
[Date "2004.04.18"]
[Round "5"]
[White "Marinelli, Gian Marco"]
[Black "Capuano, Eugenio"]
[Result "1-0"]
[WhiteElo "2024"]
[BlackElo "2173"]
[PlyCount "95"]
[EventDate "2004.02.22"]

1. e4 c5 2. Nf3 Nc6 3. d4 cxd4 4. Nxd4 e5 5. Nf3 Nf6 6. Bd3 Bc5 7. O-O d6 8. c3
a6 9. a4 Ne7 10. Nbd2 O-O 11. Qe2 Ng6 12. Nc4 d5 13. Ncxe5 dxe4 14. Bxe4 Re8
15. Bxg6 hxg6 16. Qc4 Qc7 17. Be3 Bd6 18. Qxc7 Bxc7 19. Bd4 Be6 20. Rfe1 Bd5
21. c4 Be4 22. Bc3 Rad8 23. Nxf7 Kxf7 24. Ng5+ Kg8 25. Bxf6 gxf6 26. Nxe4 Be5
27. Rab1 f5 28. Ng3 Rd2 29. Re2 Rxe2 30. Nxe2 Bxh2+ 31. Kxh2 Rxe2 32. Kg3 Kf7
33. Kf3 Rc2 34. b3 Kf6 35. g3 g5 36. Re1 Rc3+ 37. Re3 g4+ 38. Kg2 Rxe3 39. fxe3
a5 40. Kg1 Ke5 41. Kf2 Ke4 42. Ke2 b6 43. Kd2 Kf3 44. b4 Kxg3 45. bxa5 bxa5 46.
c5 f4 47. exf4 Kxf4 48. c6 1-0

[Event "XXXVI C.to Italiano a squadre A2"]
[Site "ITA"]
[Date "2004.04.18"]
[Round "5"]
[White "Sgaravatti, Francesco"]
[Black "Farachi, Francesco"]
[Result "1-0"]
[WhiteElo "2140"]
[BlackElo "2102"]
[PlyCount "81"]
[EventDate "2004.02.22"]

1. e4 c5 2. Nf3 Nc6 3. d4 cxd4 4. Nxd4 Nf6 5. Nc3 e5 6. Ndb5 d6 7. Nd5 Nxd5 8.
exd5 Nb8 9. c4 Be7 10. Be2 O-O 11. O-O f5 12. Kh1 a6 13. Nc3 Nd7 14. f4 e4 15.
Be3 Bf6 16. Rc1 b6 17. a3 Bb7 18. b4 Kh8 19. Na4 Rc8 20. Qb3 Ba8 21. Rfd1 g5
22. g3 gxf4 23. gxf4 Rg8 24. Rg1 Rb8 25. Nc3 Qe7 26. Qc2 Rxg1+ 27. Rxg1 Rg8 28.
Rxg8+ Kxg8 29. Qd2 Bg7 30. Na4 Qf6 31. Qa2 Bh6 32. Qb2 Qh4 33. Qd2 Qh3 34. Kg1
Ne5 35. Nxb6 Bb7 36. c5 dxc5 37. bxc5 Ng4 38. Bxg4 Qxg4+ 39. Qg2 a5 40. c6 Kf7
41. Qxg4 1-0

[Event "XXXVI C.to Italiano a squadre A2"]
[Site "ITA"]
[Date "2004.05.09"]
[Round "7"]
[White "Cucinella, Vincenzo"]
[Black "Ferrante, Francesco"]
[Result "0-1"]
[WhiteElo "2112"]
[BlackElo "2114"]
[PlyCount "116"]
[EventDate "2004.02.22"]

1. d4 Nf6 2. c4 g6 3. Nc3 d5 4. cxd5 Nxd5 5. e4 Nxc3 6. bxc3 Bg7 7. Bc4 O-O 8.
Ne2 c5 9. Be3 cxd4 10. cxd4 Nc6 11. O-O Bd7 12. Rb1 Rc8 13. Bd3 b6 14. Qd2 Na5
15. Rbc1 Re8 16. Bf4 e5 17. Bg5 Bf6 18. Bxf6 Qxf6 19. d5 Nb7 20. Nc3 Nc5 21.
Be2 Rcd8 22. f3 Kg7 23. Bb5 a6 24. Bxd7 Rxd7 25. Rfd1 Red8 26. Rb1 Qd6 27. Qe3
Rc8 28. Ne2 b5 29. Rbc1 Rdc7 30. Qd2 f6 31. Kf1 h6 32. Qe3 b4 33. Rc4 a5 34.
Rdc1 h5 35. g3 Nd7 36. Rxc7 Rxc7 37. Rxc7 Qxc7 38. Qd3 Qb6 39. Nc1 a4 40. d6
Qc6 41. Ne2 Kf7 42. f4 Nb6 43. fxe5 fxe5 44. Qd2 Qxe4 45. d7 Qf5+ 46. Kg2 Qxd7
47. Qxb4 Qc6+ 48. Kf2 Nd5 49. Qe4 Qc5+ 50. Kg2 Ne3+ 51. Kf3 Ng4 52. Qb7+ Kf6
53. Qa6+ Kg7 54. Ke4 Nf2+ 55. Kf3 e4+ 56. Kg2 Ng4 57. Kh3 Qf2 58. Kh4 Nxh2 0-1

[Event "XXXVI C.to Italiano a squadre A2"]
[Site "ITA"]
[Date "2004.05.09"]
[Round "7"]
[White "Fabiano, Giuseppe"]
[Black "Milovic, Jovan"]
[Result "0-1"]
[WhiteElo "2252"]
[BlackElo "2228"]
[PlyCount "110"]
[EventDate "2004.02.22"]

1. e4 c5 2. Nf3 Nc6 3. d4 cxd4 4. Nxd4 g6 5. c4 Bg7 6. Be3 Nf6 7. Nc3 O-O 8.
Be2 d6 9. O-O Bd7 10. Nb3 Rc8 11. c5 Be6 12. cxd6 exd6 13. f4 Qe7 14. Bf3 Rfd8
15. Re1 Qd7 16. h3 b6 17. Qe2 Nb4 18. Nd4 Bc4 19. Qd2 Nd3 20. Red1 Nc5 21. Nde2
Qe8 22. Bxc5 dxc5 23. Qc2 Qe7 24. e5 Ne8 25. Nd5 Bxd5 26. Bxd5 Nc7 27. Nc3 b5
28. Bf3 Qh4 29. Bg4 Rb8 30. Ne4 c4 31. g3 Qe7 32. Rd6 Ne8 33. Rxd8 Rxd8 34. Rd1
Rxd1+ 35. Qxd1 f5 36. Qd5+ Kh8 37. Ng5 h6 38. Nf7+ Kh7 39. Bf3 Nc7 40. Qd6 Qxf7
41. e6 Bf8 42. Qc6 Qe7 43. Kg2 a6 44. a4 Qd6 45. Qb7 bxa4 46. g4 fxg4 47. hxg4
Qxf4 48. Qc8 Qd2+ 49. Kh3 Qd6 50. Qd7+ Qxd7 51. exd7 Be7 52. Be2 Ne6 53. Bxc4
Nf8 54. Bxa6 Nxd7 55. Bb5 Nc5 0-1